01008nam a2200217 i 4500001000400000245036500004260004500369300002800414650002500442700002200467700002100489700002200510710006600532020001500598040000800613041000800621044000800629080001400637008004100651856009800692bgj10aNiedersachsen literarisch :bbio-bibliographische Daten und Texte von 65 Autoren aus Niedersachsen.chrsg. von D. P. Meier-Lenz und Kurt Morawietz im Auftrag des Fördererkreises deutscher Schriftsteller in Niedersachsen und Bremen e. V., Hannover, mit Unterstützung des Niedersächsischen Ministeriums für Wissenschaft und Kunst ; Red. Johann P. Tammen. aBremerhaven :bWirtschaftsverlag,c1978. a319 s. :bil. ;c21 cm.9 aLiteratura niemiecka1 aMEIER-LENZ, D. P.1 aMORAWIETZ, Kurt.1 aTAMMEN, Johann P.1 aNiedersächsichen Ministeriums für Wissenschaft und Kunst. a3883140031 cBPK0 ager aDEU a821.112.2 s gw f |000 0 ger  uhttp://koha.tu.koszalin.pl/cgi-bin/koha/opac-detail.pl?biblionumber=50318yKatalog online BPK